| 000 | 00867nam a22002057a 4500 | ||
|---|---|---|---|
| 999 |
_c9394 _d9394 |
||
| 003 | AR-CdUCM | ||
| 008 | 190327b ||||| |||| 00| 0 spa d | ||
| 040 |
_aMUNICIPALIDAD PROVINCIAL DEL CUSCO _cBIBLIOTECA MUNICIPAL DEL CUSCO |
||
| 082 |
_a030 / _bEN56 |
||
| 110 |
_aEspasa - Calpe _918256 |
||
| 245 |
_aEnciclopedia Universal Ilustrada : _bEuropeo - Americana (suplemento anual 1955-1956) / |
||
| 260 |
_aMadrid : _bEspasa-Calpe, _c1960. |
||
| 300 |
_a1381 páginas ; _bilustraciones, mapas, cuadros, retratos, _c25 cm. |
||
| 505 | _aContenido: Carreteras y autopistas -- Agricultura y sus anexos -- Arqueología -- Arquitectura y Urbanismo -- Artes gráficas -- Astronaútica ... | ||
| 650 |
_aEnciclopedia Universal _918257 |
||
| 700 |
_aArmentes de Monasterio _925566 |
||
| 700 |
_aBalil, Giro ... (colaboradores) _925567 |
||
| 942 |
_2ddc _cLIBROS |
||
| 945 | _aachl | ||